[Event "XXVIIIe Open de Metz - B"]
[Site "Complexe Saint-Symphorien"]
[Date "2010.04.10"]
[Round "1.1"]
[White "Quenette, Florent"]
[Black "Oney, Remel"]
[Result "1-0"]
[WhiteElo "1980"]
[BlackElo "1743"]
[Annotator "Antares"]
[PlyCount "85"]
[EventDate "2010.04.10"]

1. d4 d5 2. g3 Nf6 3. Bg2 e6 4. c4 c6 5. Nf3 dxc4 6. a4 Be7 7. O-O O-O 8. Qc2
Nbd7 9. Nbd2 c5 10. Nxc4 cxd4 11. Nxd4 Ne5 12. Nxe6 Bxe6 13. Nxe5 Rc8 14. Qb1
Qa5 15. Nf3 Rfd8 16. Ng5 Bd5 17. Qf5 Rc5 18. Qf4 Bd6 19. Qd2 Qxd2 20. Bxd2 Bxg2
21. Kxg2 Rc2 22. Bc3 Rxe2 23. Rad1 Bc7 24. Kf3 Rde8 25. Rfe1 Rxe1 26. Rxe1 Rxe1
27. Bxe1 Bd6 28. Ne4 Nxe4 29. Kxe4 f6 30. Kd5 Be5 31. b4 Kf7 32. a5 Ke7 33. a6
bxa6 34. Kc6 Bd4 35. Kb7 Kd7 36. Kxa6 Bb6 37. Kb7 f5 38. f3 h6 39. Bc3 g6 40.
g4 Ke6 41. Bg7 fxg4 42. fxg4 Be3 43. Bxh6 1-0

[Event "XXVIIIe Open de Metz - B"]
[Site "Complexe Saint-Symphorien"]
[Date "2010.04.10"]
[Round "1.2"]
[White "Matschek, Norbert"]
[Black "Stephanus, Joseph"]
[Result "0-1"]
[WhiteElo "1736"]
[BlackElo "1971"]
[Annotator "Antares"]
[PlyCount "118"]
[EventDate "2010.04.10"]

1. e4 c5 2. Nc3 e6 3. f4 Nc6 4. Nf3 Nge7 5. Bb5 Qb6 6. Bc4 d6 7. a3 g6 8. O-O
Bg7 9. Qe1 Nd4 10. Nxd4 Bxd4+ 11. Kh1 O-O 12. Qh4 Qd8 13. Ne2 Bg7 14. c3 Nc6
15. Qxd8 Rxd8 16. d3 a6 17. Bd2 b5 18. Bb3 Rb8 19. Bc2 a5 20. Ra2 b4 21. axb4
axb4 22. cxb4 Nxb4 23. Bxb4 cxb4 24. b3 Bb7 25. d4 Ra8 26. Rfa1 Rxa2 27. Rxa2
Ra8 28. Rxa8+ Bxa8 29. Bd3 Kf8 30. Kg1 Ke8 31. Kf2 Kd7 32. Bb5+ Ke7 33. g3 Bxe4
34. Ke3 Bd5 35. Ba4 e5 36. dxe5 dxe5 37. fxe5 Bxe5 38. Nf4 Bxf4+ 39. Kxf4 Kd6
40. g4 h6 41. h4 f6 42. g5 fxg5+ 43. hxg5 hxg5+ 44. Kxg5 Be4 45. Be8 Ke5 46.
Bf7 Kd4 47. Be8 Kc3 48. Bf7 Bc2 49. Be8 Bxb3 50. Kxg6 Bc2+ 51. Kf6 b3 52. Bf7
b2 53. Ba2 Kb4 54. Ke5 Ka3 55. Bb1 Bxb1 56. Kd4 Bh7 57. Kc3 b1=Q 58. Kd2 Qd3+
59. Kc1 Qc2# 0-1

[Event "XXVIIIe Open de Metz - B"]
[Site "Complexe Saint-Symphorien"]
[Date "2010.04.10"]
[Round "1.5"]
[White "Van Rienen, Willy"]
[Black "Micottis, Dorian"]
[Result "1-0"]
[WhiteElo "1957"]
[BlackElo "1680"]
[Annotator "Antares"]
[PlyCount "39"]
[EventDate "2010.04.10"]

1. e4 c5 2. Nf3 e6 3. d4 cxd4 4. Nxd4 a6 5. Bd3 b5 6. c3 Bb7 7. O-O Qc7 8. f4
Nf6 9. Qe2 Bc5 10. Nd2 Nc6 11. N2f3 h6 12. Kh1 O-O 13. Be3 Be7 14. e5 Nd5 15.
Bd2 d6 16. Qe4 f5 17. exf6 Rxf6 18. Nxe6 Qd7 19. Qh7+ Kf7 20. Nxg7 1-0

[Event "XXVIIIe Open de Metz - B"]
[Site "Complexe Saint-Symphorien"]
[Date "2010.04.10"]
[Round "1.6"]
[White "Veetaseveera, Jomphop"]
[Black "Ballandras, Marc"]
[Result "1-0"]
[WhiteElo "1680"]
[BlackElo "1923"]
[Annotator "Antares"]
[PlyCount "89"]
[EventDate "2010.04.10"]

1. e4 d6 2. d4 Nf6 3. Nc3 g6 4. Bb5+ c6 5. Ba4 b5 6. Bb3 b4 7. e5 dxe5 8. dxe5
Qxd1+ 9. Nxd1 Nd5 10. Ne3 Nxe3 11. Bxe3 Bg7 12. f4 a5 13. a3 Bb7 14. Nf3 Na6
15. O-O O-O 16. Rfd1 bxa3 17. Rxa3 Rfd8 18. Raa1 Nb4 19. Rxd8+ Rxd8 20. Bb6 Rd7
21. Bxa5 c5 22. Bb6 Nd5 23. Bxc5 Nxf4 24. Ra7 Rd1+ 25. Kf2 Rd7 26. Ba4 Rc7 27.
Bb6 Rc4 28. Bb3 Bxf3 29. Kxf3 Rb4 30. Ra8+ Bf8 31. Bc5 Rxb3+ 32. cxb3 Ne6 33.
Bxe7 Kg7 34. Bxf8+ Nxf8 35. b4 Ne6 36. Ke4 f5+ 37. Kd5 Nc7+ 38. Kd6 Nxa8 39. e6
Kf8 40. Kd7 Nb6+ 41. Kd8 Nd5 42. b5 g5 43. b6 f4 44. b7 Ne7 45. Kd7 1-0

[Event "XXVIIIe Open de Metz - B"]
[Site "Complexe Saint-Symphorien"]
[Date "2010.04.10"]
[Round "1.10"]
[White "Garnier, Mickael"]
[Black "Mercier, Laurent"]
[Result "0-1"]
[WhiteElo "1630"]
[BlackElo "1886"]
[Annotator "Antares"]
[PlyCount "40"]
[EventDate "2010.04.10"]

1. e4 c5 2. Nf3 Nc6 3. d4 cxd4 4. Nxd4 d6 5. Nc3 g6 6. Nxc6 bxc6 7. Qd3 Bg7 8.
Bd2 Qc7 9. g3 Nf6 10. Bg2 O-O 11. f4 Rb8 12. b3 Bd7 13. Rd1 Bg4 14. Rc1 Rfc8
15. Kf2 Bd7 16. Bf3 Ng4+ 17. Kg2 Qb6 18. Qe2 Bxc3 19. Bxc3 Ne3+ 20. Kg1 Nd1+
0-1

[Event "XXVIIIe Open de Metz - B"]
[Site "Complexe Saint-Symphorien"]
[Date "2010.04.11"]
[Round "2.1"]
[White "Schmidt, Alain"]
[Black "Quenette, Florent"]
[Result "0-1"]
[WhiteElo "1825"]
[BlackElo "1980"]
[Annotator "Antares"]
[PlyCount "54"]
[EventDate "2010.04.10"]

1. d4 d5 2. Nf3 e6 3. Bf4 c5 4. e3 Nc6 5. c3 Nf6 6. Bd3 Be7 7. h3 Bd7 8. Qe2
Qb6 9. dxc5 Bxc5 10. O-O a5 11. b3 O-O 12. Nbd2 Rfe8 13. Ne5 Rad8 14. Ndf3 Be7
15. g4 Nxe5 16. Nxe5 Ne4 17. g5 f6 18. gxf6 Bxf6 19. Kh1 Re7 20. Rg1 Rf8 21.
Qh5 Nxf2+ 22. Kh2 Nxd3 23. Nxd3 Be8 24. Qg4 e5 25. Nxe5 Rxe5 26. Bxe5 Bxe5+ 27.
Kh1 Bg6 0-1

[Event "XXVIIIe Open de Metz - B"]
[Site "Complexe Saint-Symphorien"]
[Date "2010.04.11"]
[Round "2.3"]
[White "Blanchard, Alain"]
[Black "Azorit, Louis"]
[Result "0-1"]
[WhiteElo "1794"]
[BlackElo "1967"]
[Annotator "Antares"]
[PlyCount "128"]
[EventDate "2010.04.10"]

1. d4 Nf6 2. c4 e6 3. Nc3 Bb4 4. Qc2 c5 5. dxc5 O-O 6. a3 Bxc5 7. Nf3 Nc6 8. e3
d5 9. b4 Be7 10. Bb2 dxc4 11. Bxc4 a6 12. Be2 Bd7 13. Rd1 Qc7 14. h3 Rac8 15.
O-O Rfd8 16. Rd2 Be8 17. Rxd8 Rxd8 18. Rd1 Rxd1+ 19. Qxd1 Qd6 20. Qc2 h6 21.
Na4 Nd7 22. Nd4 Nf6 23. Bf3 Nd5 24. Nc5 Ncxb4 25. Nxb7 Nxc2 26. Nxd6 Nxd4 27.
Nxe8 Nxf3+ 28. gxf3 f6 29. e4 Nf4 30. Nc7 Nxh3+ 31. Kf1 Nf4 32. a4 Nd3 33. Bd4
Bc5 34. Nxe6 Bxd4 35. Nxd4 Nc5 36. a5 h5 37. Nc6 Kf7 38. Nb4 g5 39. Kg2 Ke6 40.
Kg3 Ke5 41. Nc6+ Kd6 42. Nb4 Ke6 43. Nc6 Nd3 44. Nb8 h4+ 45. Kg2 Nb4 46. Kh3
Kd6 47. f4 Nd3 48. fxg5 fxg5 49. Kg2 Nc5 50. e5+ Kxe5 51. Nc6+ Kf4 52. Ne7 g4
53. Ng6+ Kg5 54. Ne7 h3+ 55. Kg1 Kf4 56. Ng6+ Kg5 57. Ne7 Nb3 58. Nd5 Kf5 59.
Kh2 Nxa5 60. Kg3 Nc4 61. f3 gxf3 62. Kxf3 Ke5 63. Nc3 Nd2+ 64. Kg3 Ne4+ 0-1

[Event "XXVIIIe Open de Metz - B"]
[Site "Complexe Saint-Symphorien"]
[Date "2010.04.11"]
[Round "2.4"]
[White "Mitrovic, Slobodan"]
[Black "Pierrot, Fabrice"]
[Result "1-0"]
[WhiteElo "1959"]
[BlackElo "1781"]
[Annotator "Antares"]
[PlyCount "31"]
[EventDate "2010.04.10"]

1. e4 e5 2. Nf3 Nc6 3. Bc4 Nf6 4. d4 exd4 5. Ng5 Ne5 6. Bb3 h6 7. Qxd4 Qe7 8.
Nf3 Nc6 9. Qe3 Qxe4 10. c3 Bc5 11. Qxe4+ Nxe4 12. O-O O-O 13. Nbd2 Nxd2 14.
Bxd2 d6 15. a4 Be6 16. Bxe6 1-0

[Event "XXVIIIe Open de Metz - B"]
[Site "Complexe Saint-Symphorien"]
[Date "2010.04.11"]
[Round "2.6"]
[White "Blanchon, Pascal"]
[Black "Vigneron, Quentin"]
[Result "0-1"]
[WhiteElo "1750"]
[BlackElo "1922"]
[Annotator "Antares"]
[PlyCount "52"]
[EventDate "2010.04.10"]

1. e4 d5 2. exd5 Qxd5 3. Nf3 Nf6 4. Be2 Bg4 5. d4 e6 6. c4 Qa5+ 7. Bd2 Bb4 8.
Bxb4 Qxb4+ 9. Qd2 Nc6 10. Qxb4 Nxb4 11. Na3 O-O-O 12. O-O-O Nxa2+ 13. Kb1 Nb4
14. Nb5 a6 15. Nc3 Nc6 16. d5 exd5 17. cxd5 Nb4 18. Ne5 Bxe2 19. Nxe2 Rhf8 20.
Nf4 Nfxd5 21. Rd4 f6 22. Nf3 Nxf4 23. Rxf4 Nd3 24. Rc4 Nxf2 25. Rhc1 Rf7 26.
Nd4 b5 0-1

[Event "XXVIIIe Open de Metz - B"]
[Site "Complexe Saint-Symphorien"]
[Date "2010.04.11"]
[Round "2.8"]
[White "Mercier, Laurent"]
[Black "Menard, Daniel"]
[Result "1-0"]
[WhiteElo "1886"]
[BlackElo "1750"]
[Annotator "Antares"]
[PlyCount "55"]
[EventDate "2010.04.10"]

1. d4 e6 2. e4 d5 3. Nc3 c5 4. exd5 exd5 5. Nf3 Nc6 6. Bb5 Nf6 7. Bg5 Be6 8.
O-O Be7 9. dxc5 O-O 10. Bxc6 bxc6 11. b4 h6 12. Bh4 Qb8 13. Qd4 a5 14. a3 axb4
15. axb4 Qc7 16. Na4 Ne4 17. Bxe7 Qxe7 18. Nb6 Rxa1 19. Rxa1 Re8 20. Ne5 Qg5
21. Nxc6 Bh3 22. g3 Qf5 23. Qe3 Qf6 24. Nd4 Nd6 25. Nxd5 Qd8 26. Nc6 Qd7 27.
Nde7+ Kh8 28. cxd6 1-0

[Event "XXVIIIe Open de Metz - B"]
[Site "Complexe Saint-Symphorien"]
[Date "2010.04.11"]
[Round "3.1"]
[White "Quenette, Florent"]
[Black "Monpeurt, Fabien"]
[Result "1-0"]
[WhiteElo "1980"]
[BlackElo "1869"]
[Annotator "Antares"]
[PlyCount "71"]
[EventDate "2010.04.10"]

1. e4 d6 2. d4 Nf6 3. Bd3 e5 4. Ne2 c6 5. O-O Be7 6. b3 O-O 7. c4 Nbd7 8. Nbc3
Qc7 9. Kh1 Re8 10. f3 exd4 11. Nxd4 Ne5 12. Bb2 Be6 13. Rc1 Rad8 14. Nd5 Qd7
15. Nxe7+ Qxe7 16. Bb1 Bc8 17. Re1 Nh5 18. g3 Qd7 19. g4 Nf4 20. Qd2 Ne6 21.
Qe3 Qe7 22. f4 Nxg4 23. Qg3 Nxd4 24. Bxd4 c5 25. Bb2 h5 26. h3 h4 27. Qg2 Nf6
28. Qg5 Qe6 29. f5 Qe7 30. Rg1 Nh5 31. Qxh5 f6 32. Rg4 b5 33. Rcg1 Rd7 34. Rxh4
Bb7 35. Qh8+ Kf7 36. Qxg7# 1-0

[Event "XXVIIIe Open de Metz - B"]
[Site "Complexe Saint-Symphorien"]
[Date "2010.04.11"]
[Round "3.2"]
[White "Azorit, Louis"]
[Black "Schweitzer, Marc"]
[Result "1-0"]
[WhiteElo "1967"]
[BlackElo "1868"]
[Annotator "Antares"]
[PlyCount "87"]
[EventDate "2010.04.10"]

1. e4 Nc6 2. d4 d5 3. e5 Bf5 4. Nf3 e6 5. c3 h5 6. Bd3 Bxd3 7. Qxd3 Be7 8. b4
Nh6 9. Bxh6 Rxh6 10. Nbd2 Rg6 11. O-O Bg5 12. Nxg5 Qxg5 13. g3 O-O-O 14. f4 Qf5
15. Qxf5 exf5 16. Nf3 Ne7 17. Kf2 Rc6 18. Rfc1 Kd7 19. b5 Rh6 20. a4 Ke8 21. a5
Rc8 22. c4 c6 23. bxc6 Rhxc6 24. c5 b6 25. axb6 axb6 26. Ra6 bxc5 27. Rxc6 Rxc6
28. dxc5 Rc7 29. Nd4 g6 30. c6 Kd8 31. Ke3 Rc8 32. Rc5 Ra8 33. Rb5 Rc8 34. Rb6
Kc7 35. Rb7+ Kd8 36. Rd7+ Ke8 37. Rd6 Rc7 38. h4 Rc8 39. Kd3 Ra8 40. Nb5 Rc8
41. c7 Ra8 42. Kc3 Rc8 43. Kd4 Ra8 44. Kc5 1-0

[Event "XXVIIIe Open de Metz - B"]
[Site "Complexe Saint-Symphorien"]
[Date "2010.04.11"]
[Round "3.5"]
[White "Vermunt, Joris"]
[Black "Mercier, Laurent"]
[Result "0-1"]
[WhiteElo "1830"]
[BlackElo "1886"]
[Annotator "Antares"]
[PlyCount "36"]
[EventDate "2010.04.10"]

1. d4 Nf6 2. e3 d6 3. f4 g6 4. Bd3 Bg7 5. Nf3 O-O 6. Qe2 c5 7. c3 cxd4 8. cxd4
Nbd7 9. O-O Re8 10. f5 e5 11. fxg6 hxg6 12. dxe5 Nxe5 13. Nxe5 Rxe5 14. Nc3 Bd7
15. Qf3 Qe7 16. e4 Ng4 17. Qg3 Rh5 18. Be2 Bd4+ 0-1

[Event "XXVIIIe Open de Metz - B"]
[Site "Complexe Saint-Symphorien"]
[Date "2010.04.11"]
[Round "3.6"]
[White "Ringoir, Guy"]
[Black "Bariani, Sebastien"]
[Result "0-1"]
[WhiteElo "1873"]
[BlackElo "1828"]
[Annotator "Antares"]
[PlyCount "88"]
[EventDate "2010.04.10"]

1. e4 d5 2. exd5 Qxd5 3. Nf3 Bg4 4. Be2 Nc6 5. c4 Qd6 6. Nc3 a6 7. d4 O-O-O 8.
d5 Bxf3 9. Bxf3 Ne5 10. Be2 Nf6 11. Qd4 Ned7 12. Be3 e5 13. Qa7 Qb4 14. a3 Qxb2
15. Rb1 Qxc3+ 16. Bd2 Qxd2+ 17. Kxd2 Nb6 18. Rxb6 cxb6 19. Rb1 Bc5 20. Rxb6
Bxb6 21. Qxb6 Rhe8 22. f3 Re7 $11 23. d6 Rxd6+ 24. Qxd6 Rd7 25. Qxd7+ Kxd7 26.
Kc3 a5 27. g3 Kd6 28. f4 exf4 29. gxf4 Kc5 30. Bf3 b6 31. h4 h6 32. Kd3 Ne8 33.
Kc3 Nd6 34. Be2 Nf5 35. h5 Ng3 36. Bf3 g6 37. hxg6 fxg6 38. Kd3 h5 39. Bg2 h4
40. Bh3 Nh5 41. f5 gxf5 42. Bxf5 h3 43. Ke3 h2 44. Be4 Ng3 0-1

[Event "XXVIIIe Open de Metz - B"]
[Site "Complexe Saint-Symphorien"]
[Date "2010.04.11"]
[Round "3.9"]
[White "Muller, Christophe"]
[Black "Dreux, Vincent"]
[Result "0-1"]
[WhiteElo "1800"]
[BlackElo "1906"]
[Annotator "Antares"]
[PlyCount "38"]
[EventDate "2010.04.10"]

1. e4 c6 2. d4 d5 3. Nc3 dxe4 4. Nxe4 Bf5 5. Ng3 Bg6 6. Nf3 Nd7 7. Bc4 e6 8.
O-O Qc7 9. c3 Be7 10. Re1 Ngf6 11. Qe2 O-O-O 12. b4 Rhe8 13. Ne5 Nd5 14. Bd2
Nxe5 15. Qxe5 Qxe5 16. Rxe5 Nxb4 17. Bxe6+ fxe6 18. cxb4 Bf6 19. Ree1 Bxd4 0-1

[Event "XXVIIIe Open de Metz - B"]
[Site "Complexe Saint-Symphorien"]
[Date "2010.04.12"]
[Round "4.1"]
[White "Mercier, Laurent"]
[Black "Quenette, Florent"]
[Result "1-0"]
[WhiteElo "1886"]
[BlackElo "1980"]
[Annotator "Antares"]
[PlyCount "65"]
[EventDate "2010.04.10"]

1. d4 e6 2. e4 d5 3. Nc3 Bb4 4. Nge2 dxe4 5. a3 Be7 6. Nxe4 Nf6 7. N2c3 O-O 8.
Be3 b6 9. Nxf6+ Bxf6 10. Qf3 c6 11. O-O-O Bb7 12. Bd3 Nd7 13. h4 Qe7 14. g4 g6
15. Be4 Rac8 16. h5 Bg5 17. hxg6 fxg6 18. Qg3 Bxe3+ 19. fxe3 Qg7 20. g5 Rce8
21. Rh2 e5 22. d5 Nc5 23. dxc6 Bc8 24. Qh4 Be6 25. Bd5 e4 26. Bxe6+ Rxe6 27.
Nd5 Rxc6 28. Nf6+ Rfxf6 29. gxf6 Rxf6 30. Rd8+ Kf7 31. Rf2 Rxf2 32. Qxf2+ Qf6
33. Rf8+ 1-0

[Event "XXVIIIe Open de Metz - B"]
[Site "Complexe Saint-Symphorien"]
[Date "2010.04.12"]
[Round "4.5"]
[White "Dreux, Vincent"]
[Black "Van Rienen, Willy"]
[Result "0-1"]
[WhiteElo "1906"]
[BlackElo "1957"]
[Annotator "Antares"]
[PlyCount "94"]
[EventDate "2010.04.10"]

1. c4 Nf6 2. Nc3 e5 3. Nf3 Nc6 4. g3 Bc5 5. Bg2 O-O 6. O-O a6 7. e3 d6 8. d4
exd4 9. exd4 Ba7 10. Be3 Bg4 11. Qd3 Re8 12. a3 Ne7 13. d5 Bxe3 14. fxe3 Ng6
15. Rae1 Qd7 16. Ng5 h6 17. Nge4 Nxe4 18. Bxe4 Ne5 19. Qd4 Bh3 20. Rf2 f5 21.
Bg2 Bxg2 22. Kxg2 Re7 23. h3 c5 24. dxc6 Qxc6+ 25. Nd5 Rf7 26. b3 b5 27. Rc1
Re8 28. Rc3 bxc4 29. bxc4 Ref8 30. Kh2 h5 31. Qh4 g6 32. Qd4 Qc5 33. Nf4 Rc8
34. Ne6 Qxd4 35. exd4 Rxc4 36. Rb3 Nd7 37. Rb7 Re7 38. d5 Kf7 39. Nd8+ Kf6 40.
Nc6 Rg7 41. Re2 Nc5 42. Rb8 Ne4 43. Rb3 Rc5 44. Rd3 Rb7 45. a4 Rb1 46. Kg2 Rcc1
47. Kf3 Rf1+ 0-1

[Event "XXVIIIe Open de Metz - B"]
[Site "Complexe Saint-Symphorien"]
[Date "2010.04.12"]
[Round "4.6"]
[White "Saysouk, Christophe"]
[Black "Kiefer, Eric"]
[Result "0-1"]
[WhiteElo "1866"]
[BlackElo "1897"]
[Annotator "Antares"]
[PlyCount "52"]
[EventDate "2010.04.10"]

1. d4 d5 2. c4 e6 3. Nf3 Nf6 4. Bg5 Be7 5. Nc3 O-O 6. e3 b6 7. Bxf6 Bxf6 8.
cxd5 exd5 9. Qb3 Be6 10. Rc1 c5 11. Be2 Nc6 12. Qa4 Rc8 13. Ba6 Rc7 14. Bb5 Ne7
15. O-O cxd4 16. Nxd4 Bxd4 17. Qxd4 Nf5 18. Qf4 g5 19. Qe5 Ng7 20. Nxd5 Rxc1
21. Nf6+ Kh8 22. Rxc1 Qd2 23. Ra1 h6 24. g4 Qb4 25. Bd7 Bxd7 26. Nxd7 Qxg4+ 0-1

[Event "XXVIIIe Open de Metz - B"]
[Site "Complexe Saint-Symphorien"]
[Date "2010.04.12"]
[Round "4.7"]
[White "Blanchon, Pascal"]
[Black "Ringoir, Guy"]
[Result "1-0"]
[WhiteElo "1750"]
[BlackElo "1873"]
[Annotator "Antares"]
[PlyCount "49"]
[EventDate "2010.04.10"]

1. e4 c5 2. Nf3 d6 3. d4 cxd4 4. Nxd4 Nf6 5. Nc3 a6 6. Bg5 e6 7. f4 Be7 8. Qf3
Qc7 9. O-O-O Nbd7 10. Bd3 b5 11. Rhe1 Bb7 12. Qg3 b4 13. Nd5 Nxd5 14. exd5 e5
15. Bxe7 Kxe7 16. Qg5+ Ke8 17. Nf5 Nc5 18. fxe5 dxe5 19. d6 Qd7 20. Rxe5+ Ne6
21. Nxg7+ Kf8 22. Nxe6+ fxe6 23. Qh6+ Ke8 24. Rxe6+ Kd8 25. Qf6+ 1-0

[Event "XXVIIIe Open de Metz - B"]
[Site "Complexe Saint-Symphorien"]
[Date "2010.04.12"]
[Round "4.8"]
[White "Monpeurt, Fabien"]
[Black "Pierrot, Fabrice"]
[Result "0-1"]
[WhiteElo "1869"]
[BlackElo "1781"]
[Annotator "Antares"]
[PlyCount "88"]
[EventDate "2010.04.10"]

1. e4 e5 2. Nf3 Nc6 3. Bb5 a6 4. Ba4 Nf6 5. O-O Be7 6. Re1 b5 7. Bb3 O-O 8. c3
d6 9. h3 Nb8 10. d4 Nbd7 11. Nbd2 Bb7 12. Bc2 Re8 13. Nf1 Bf8 14. Ng3 g6 15. b3
c5 16. d5 Nb6 17. Be3 Bg7 18. Qd2 Bc8 19. Bg5 c4 20. Nh2 Qc7 21. h4 h5 22. b4
Bd7 23. f4 exf4 24. Bxf4 Bg4 25. Nf3 Bxf3 26. gxf3 Nbd7 27. a4 Nh7 28. Qg2 Bxc3
29. Nxh5 Bxa1 30. Rxa1 Ne5 31. Ng3 Qe7 32. h5 Qf6 33. hxg6 fxg6 34. Nh5 Nxf3+
35. Qxf3 Qxa1+ 36. Kh2 gxh5 37. e5 Rxe5 38. Qg3+ Kh8 39. Qg6 Re2+ 40. Kg3 Rxc2
41. Qxc2 Rg8+ 42. Kf3 Qf1+ 43. Ke4 Re8+ 44. Kf5 Rf8+ 0-1

[Event "XXVIIIe Open de Metz - B"]
[Site "Complexe Saint-Symphorien"]
[Date "2010.04.13"]
[Round "5.1"]
[White "Azorit, Louis"]
[Black "Mercier, Laurent"]
[Result "1-0"]
[WhiteElo "1967"]
[BlackElo "1886"]
[Annotator "Antares"]
[PlyCount "153"]
[EventDate "2010.04.10"]

1. e4 c5 2. Nf3 d6 3. Bb5+ Bd7 4. Bxd7+ Qxd7 5. O-O Nc6 6. b3 Nf6 7. Re1 g6 8.
Bb2 Bg7 9. c4 O-O 10. Nc3 Ng4 11. h3 Nge5 12. d3 Nxf3+ 13. Qxf3 Nd4 14. Qd1 a6
15. Nd5 Rab8 16. Rc1 Nf3+ 17. Qxf3 Bxb2 18. Rc2 Bg7 19. Qg4 Qd8 20. Qg5 e6 21.
Qxd8 Rbxd8 22. Ne3 b5 23. cxb5 axb5 24. Kf1 Ra8 25. Rb1 Rfb8 26. b4 Bd4 27.
bxc5 dxc5 28. Ke2 Ra3 29. Nc4 Rc3 30. Rxc3 Bxc3 31. a4 b4 32. Rb3 Ra8 33. a5
Kf8 34. e5 Ke7 35. f4 h6 36. Kd1 g5 37. fxg5 hxg5 38. Kc2 f6 39. exf6+ Kxf6 40.
Rb1 Kg6 41. Rf1 Kg7 42. Rf3 Kg6 43. g4 Kg7 44. Kb3 Ra7 45. Ka4 b3 46. Kxb3 Bxa5
47. Nd6 Bb4 48. Kc4 Rd7 49. Ne8+ Kg6 50. Rf6+ Kh7 51. Rf3 Kg6 52. Kb5 Rd4 53.
Rf6+ Kh7 54. Rxe6 Rxd3 55. Nf6+ Kg7 56. Ne4 Rxh3 57. Re5 Rb3 58. Rxg5+ Kh6 59.
Rh5+ Kg6 60. Kc4 Rf3 61. Rg5+ Kh6 62. Re5 Ra3 63. Re6+ Kg7 64. Rc6 Ra4 65. Kd5
Ba3 66. Ke5 Bb2+ 67. Kf5 Bd4 68. Rc7+ Kf8 69. g5 Ra8 70. g6 Re8 71. Rf7+ Kg8
72. Ng5 Re5+ 73. Kg4 Re8 74. Rc7 Kh8 75. Nf7+ Kg8 76. Nh6+ Kh8 77. Rh7# 1-0

[Event "XXVIIIe Open de Metz - B"]
[Site "Complexe Saint-Symphorien"]
[Date "2010.04.13"]
[Round "5.2"]
[White "Vigneron, Quentin"]
[Black "Stephanus, Joseph"]
[Result "1-0"]
[WhiteElo "1922"]
[BlackElo "1971"]
[Annotator "Antares"]
[PlyCount "43"]
[EventDate "2010.04.10"]

1. e4 c5 2. Nf3 e6 3. d4 cxd4 4. Nxd4 Nc6 5. Nc3 Qc7 6. Be2 a6 7. O-O Nf6 8.
Kh1 d6 9. f4 Bd7 10. Bf3 Rc8 11. Nxc6 Bxc6 12. Qe2 Be7 13. e5 Bxf3 14. Rxf3
dxe5 15. fxe5 Nd5 16. Nxd5 exd5 17. e6 Qxc2 18. exf7+ Kf8 19. Bd2 Qa4 20. Re1
Qd7 21. Bh6 Bd6 22. Qe8+ 1-0

[Event "XXVIIIe Open de Metz - B"]
[Site "Complexe Saint-Symphorien"]
[Date "2010.04.13"]
[Round "5.4"]
[White "Quenette, Florent"]
[Black "Blanchard, Alain"]
[Result "1-0"]
[WhiteElo "1980"]
[BlackElo "1794"]
[Annotator "Antares"]
[PlyCount "89"]
[EventDate "2010.04.10"]

1. e4 e5 2. Nf3 Nc6 3. Bb5 a6 4. Ba4 Nf6 5. O-O Be7 6. Re1 b5 7. Bb3 d6 8. c3
O-O 9. h3 Nb8 10. d4 Nbd7 11. Bg5 Bb7 12. Nbd2 h6 13. Bxf6 Bxf6 14. Nf1 exd4
15. Nxd4 g6 16. Bd5 Bxd5 17. exd5 Ne5 18. b3 c5 19. Ne2 Bg7 20. f4 Nd7 21. Rc1
Qh4 22. Nh2 Rae8 23. Qd3 Qd8 24. Ng3 Rxe1+ 25. Rxe1 Re8 26. Rxe8+ Qxe8 27. Nf3
f5 28. h4 Nf6 29. h5 Ne4 30. Nh4 Nxc3 31. hxg6 Qe1+ 32. Kh2 Ne4 33. Nhxf5 Nf2
34. Qe2 Qxe2 35. Nxe2 Bf8 36. Kg3 Ne4+ 37. Kf3 Nf6 38. Ne3 Kg7 39. f5 Nd7 40.
Nf4 Ne5+ 41. Ke4 a5 42. Ne6+ Kg8 43. Nc7 b4 44. Ne8 Kh8 45. Nc4 1-0

[Event "XXVIIIe Open de Metz - B"]
[Site "Complexe Saint-Symphorien"]
[Date "2010.04.13"]
[Round "5.6"]
[White "Pierrot, Fabrice"]
[Black "Cappelletti, Robert"]
[Result "0-1"]
[WhiteElo "1781"]
[BlackElo "1856"]
[Annotator "Antares"]
[PlyCount "52"]
[EventDate "2010.04.10"]

1. e4 c5 2. Nf3 d6 3. d4 cxd4 4. Nxd4 Nf6 5. Nc3 a6 6. Bg5 e6 7. f4 Qb6 8. Qd2
Qxb2 9. Rb1 Qa3 10. Be2 Qc5 11. Na4 Qc7 12. Nb6 Ra7 13. Qe3 Nbd7 14. Nxe6 fxe6
15. Nxc8 Ra8 16. Bxf6 Nxf6 17. Nb6 Rb8 18. Bc4 d5 19. exd5 Bc5 20. Qxe6+ Kd8
21. d6 Bxd6 22. O-O Re8 23. Qf5 Bc5+ 24. Kh1 Bxb6 25. Rfd1+ Ke7 26. Qe6+ Kf8
0-1

[Event "XXVIIIe Open de Metz - B"]
[Site "Complexe Saint-Symphorien"]
[Date "2010.04.13"]
[Round "5.7"]
[White "Billot, Daniel"]
[Black "Oney, Remel"]
[Result "0-1"]
[WhiteElo "1853"]
[BlackElo "1743"]
[Annotator "Antares"]
[PlyCount "28"]
[EventDate "2010.04.10"]

1. e4 e5 2. Nf3 Nc6 3. Bc4 Be7 4. c3 Nf6 5. d4 exd4 6. Nxd4 Nxe4 7. Nf5 O-O 8.
Qg4 Bg5 9. O-O d5 10. Rd1 Bxf5 11. Qxf5 Bxc1 12. Bxd5 Nd6 13. Qh3 Bxb2 14. Nd2
Bxa1 0-1

[Event "XXVIIIe Open de Metz - B"]
[Site "Complexe Saint-Symphorien"]
[Date "2010.04.16"]
[Round "9.3"]
[White "Van Rienen, Willy"]
[Black "Vigneron, Quentin"]
[Result "1-0"]
[WhiteElo "1957"]
[BlackElo "1922"]
[Annotator "Antares"]
[PlyCount "70"]
[EventDate "2010.04.10"]

1. e4 d5 2. exd5 Qxd5 3. Nf3 Nf6 4. Nc3 Qa5 5. Bc4 c6 6. d4 Bf5 7. Bd2 e6 8.
O-O Qc7 9. h3 Bd6 10. Re1 Nbd7 11. Nh4 Bg6 12. Nxg6 hxg6 13. Qf3 O-O 14. Ne4
Nxe4 15. Qxe4 Nf6 16. Qf3 Nd5 17. Bb3 Bf4 18. Rad1 Bxd2 19. Rxd2 Rad8 20. c3
Rd7 21. Rde2 Qd8 22. Qg4 Qf6 23. Re5 Qf4 24. Qe2 Rfd8 25. g3 Qf6 26. Qg4 Rf8
27. h4 Qd8 28. Kf1 b6 29. Qf3 Qc7 30. h5 gxh5 31. Rxh5 g6 32. Rh4 Kg7 33. Kg2
Rdd8 34. Bxd5 cxd5 35. Rh7+ Kxh7 1-0